LIBRARY & INFORMATION CENTRE, KCAET, TAVANUR

ONLINE PUBLIC ACCESS CATALOGUE (OPAC)

Tropical soils and fertilizer use / (Record no. 9834)

MARC details
000 -LEADER
fixed length control field 00423cam a2200169ua 4500
020 ## - INTERNATIONAL STANDARD BOOK NUMBER
ISBN 0-582-77507-8
041 ## - LANGUAGE CODE
Language code of text/sound track or separate title eng
082 ## - DEWEY DECIMAL CLASSIFICATION NUMBER
Classification number 631.42013
Item number AHN/TR
100 ## - MAIN ENTRY--AUTHOR NAME
Personal name Ahn, Peter Martin .
245 ## - TITLE STATEMENT
Title Tropical soils and fertilizer use /
250 ## - EDITION STATEMENT
Edition statement 1 /
260 ## - PUBLICATION, DISTRIBUTION, ETC. (IMPRINT)
Place of publication London :
Name of publisher Longman ,
Year of publication 1993.
300 ## - PHYSICAL DESCRIPTION
Number of Pages 264 ; .
942 ## - ADDED ENTRY ELEMENTS (KOHA)
Koha item type Books
Holdings
Withdrawn status Lost status Damaged status Home library Current library Date acquired Full call number Accession Number Koha item type
      KAUAET KAUAET 07/04/2012 631.42013 18491 Books
free website counter